Fanny Crosby: (Record no. 6412)

MARC details
000 -LEADER
fixed length control field 00573nam a22001937a 4500
003 - CONTROL NUMBER IDENTIFIER
control field GBCCL
005 - DATE AND TIME OF LATEST TRANSACTION
control field 20241126110602.0
008 - FIXED-LENGTH DATA ELEMENTS--GENERAL INFORMATION
fixed length control field 180514b ||||| |||| 00| 0 eng d
040 ## - CATALOGING SOURCE
Transcribing agency gbc
082 ## - DEWEY DECIMAL CLASSIFICATION NUMBER
Classification number 920
Item number CRO
100 ## - MAIN ENTRY--PERSONAL NAME
Personal name Miller, Basil
9 (RLIN) 10950
245 ## - TITLE STATEMENT
Title Fanny Crosby:
Remainder of title God's singing Angel /
Statement of responsibility, etc. Basil Miller
260 ## - PUBLICATION, DISTRIBUTION, ETC.
Place of publication, distribution, etc. Colorado:
Name of publisher, distributor, etc. World-wide Missions,
Date of publication, distribution, etc. 1950
300 ## - PHYSICAL DESCRIPTION
Extent 126 p.;
Dimensions 15 cm.
650 ## - SUBJECT ADDED ENTRY--TOPICAL TERM
Topical term or geographic name entry element Crosby, Fanny
Chronological subdivision 1820 - 1915
9 (RLIN) 11484
650 ## - SUBJECT ADDED ENTRY--TOPICAL TERM
Topical term or geographic name entry element Poets, American
Chronological subdivision 19th century
General subdivision Biography
9 (RLIN) 11485
650 ## - SUBJECT ADDED ENTRY--TOPICAL TERM
Topical term or geographic name entry element Hymn writers
General subdivision Biography
9 (RLIN) 11486
942 ## - ADDED ENTRY ELEMENTS (KOHA)
Source of classification or shelving scheme Dewey Decimal Classification
Koha item type Books
Holdings
Withdrawn status Lost status Source of classification or shelving scheme Damaged status Not for loan Home library Current Library Shelving location Date acquired Total checkouts Full call number Barcode Date last seen Copy number Price effective from Koha item type
    Dewey Decimal Classification     GRACE BIBLE COLLEGE GRACE BIBLE COLLEGE General Studies 2018-05-14   920 CRO 000837 2025-05-01 c.1 2018-05-14 Books
© Grace Bible College Library 2025